00477nam a22001697a 450000500170000001000150001702000260003203500140005803700090007208200150008110000200009624500510011625000060016726000350017327000790020830000200028720250805121609.0 aENG-146324 a9789357316118c350.00 aEN-129856 bDBAD a615.53821 aKrishan, Sonica aA Guide to Ayurvedic Remedies/cSonica Krishan a1 aGurugrambHachette Indiac2025 bGurugrama4th & 5th floor , corporate centre, plot no-94,sector-44e122003 a198p.b20cm(pb)